000 00926nam a2200217Ii 4500
003 JO-AjNU
008 230605s9999||||xx |||||||||||||| ||und||
017 _a2003/11/2366
040 _aJO-AjNU
_bara
_erda
_cJO-AjNU
041 _aara
050 1 4 _aBF710.2004
100 3 _aالرفاعي،تماضر ، سلامه،ياسر خالد/تدقيق لغوي,
_eauthor
_914677
245 0 0 _aللنساء فقط:رحلة المرأة من البلوغ الى سن اليأس:مواصفات فارس الاحلام-تخلصي من الحيرة والقلق-التجهيزات اللازمة للعروس-متى اصبح اما
250 _aط1
264 3 1 _aعمان:دار عالم الثقافة ، 2004
300 _a79ص
336 _atext
_btxt
_2rdacontent
337 _aunmediated
_bn
_2rdamedia
338 _avolume
_bnc
_2rdacarrier
650 4 _aالمراة-الاناث-التعليم النسوي-النضج
_914678
999 _aA3970
_c7538
_d7538